000 00299nam a2200145Ia 4500
100 _aSinha/M.P.
942 _cBK
654 _aSatellite
245 _aSatellite communictions
260 _bNandu Pub
_aMumbai
_c1998
082 _a621.382
_bSIN
300 _a118
546 _aENGLISH
999 _c32264
_d32264